00431nam a2200157 a 4500001000400000003000900004008004100013040002800054082001800082100003200100245004400132260003100176300001000207490002100217650003500238510CO-ViMGA141112s2004 ck r 000 u spa d aCO-ViMGAbspacCO-ViMGA04aR344.02 C656r1 aColombia. Leyes, decretos, 10aRegimen de seguridad social en Colombia aBogotá : bLegis, c1997 a818 p aSiempre al día14aSEGURIDAD SOCIAL - LEGISLACION